Statistics for Lana Del Rey - Summer Bummer Lyrics Ft.Playboi Carti & A$AP Rocky

Click here to take the quiz!

General Stats

  • This quiz has been taken 18 times
    (17 since last reset)
  • The average score is 399 of 607

Answer Stats

Answer% Correct
******
100%
a
100%
I
100%
be
93%
Be
93%
in
93%
In
93%
it
93%
it's
93%
It's
93%
late
93%
never
93%
to
93%
To
93%
too
93%
wanna
93%
when
93%
When
93%
who
93%
you
93%
You
93%
her
86%
like
86%
love
86%
My
86%
my
86%
the
86%
(Babe)
79%
babe
79%
bitch
79%
bummer
79%
But
79%
can't
79%
Can't
79%
datin'
79%
Don't
79%
escape
79%
get
79%
got
79%
if
79%
Let's
79%
let's
79%
lover
79%
quit
79%
summer
79%
(Summer
79%
(Top
79%
top
79%
undercover
79%
We
79%
(We
79%
bones
71%
dang
71%
for
71%
For
71%
(For
71%
fuck
71%
High
71%
hop
71%
Hop
71%
knew
71%
make
71%
not)
71%
not
71%
of
71%
on
71%
out)
71%
out
71%
say
71%
stay
71%
tops
71%
affection
64%
And
64%
and
64%
feel
64%
feelin'
64%
Hip
64%
made
64%
me
64%
real)
64%
real
64%
She
64%
sophistication
64%
up
64%
vacation
64%
we're
64%
(What?)
64%
what
64%
what?)
64%
(What?
64%
what?
64%
What?
64%
What?)
64%
with
64%
all
57%
baby
57%
Baby
57%
chains
57%
even
57%
game
57%
just
57%
leave
57%
missed
57%
Notifications
57%
Or
57%
or
57%
payment
57%
pray
57%
she'd
57%
us
57%
veins
57%
Wrap
57%
yeah)
57%
(Yeah)
57%
(Yeah
57%
Yeah
57%
Yeah?)
57%
your
57%
bang
50%
become
50%
Boo
50%
God
50%
I'm
50%
might
50%
notice
50%
Oh
50%
oh
50%
Oh)
50%
(Oh
50%
playin'
50%
this
50%
beaches
43%
black
43%
crazy
43%
daisy
43%
demons
43%
games
43%
hmm
43%
hot
43%
Is
43%
outside
43%
place
43%
single
43%
Uh
43%
usually
43%
any
36%
blood
36%
fingers
36%
makin'
36%
red
36%
ride
36%
skip
36%
Take
36%
two
36%
White
36%
you've
36%
at
29%
(Better
29%
better
29%
between
29%
cuff
29%
deal
29%
hatin'
29%
have
29%
holla
29%
hood
29%
lies
29%
lines
29%
Milly
29%
pills
29%
pop
29%
reasons
29%
Rockin'
29%
sangrias
29%
seal
29%
Slide
29%
some
29%
sync
29%
They
29%
through
29%
weeks
29%
acquainted
21%
bankin'
21%
been
21%
Boppin'
21%
close
21%
Diddy
21%
face)
21%
Franklins
21%
here
21%
how
21%
inside
21%
lips
21%
lust
21%
need
21%
neighbors
21%
repeat?
21%
safe)
21%
stopped
21%
(Swimmin'
21%
(Tattoo
21%
Tell
21%
that's
21%
traveled
21%
Truthfully
21%
bell
14%
cover
14%
Goin'
14%
lights
14%
Miles
14%
patience
14%
run
14%
wheel
14%
whip
14%
check
7%
good
7%
Huh?
7%

Score Distribution

Percentile by Number Answered

Percent of People with Each Score

Your Score History

You have not taken this quiz since the last reset